[Event "5th EFE Metz Festival Amateur 2019"]
[Site "Metz"]
[Date "2019.07.25"]
[Round "3.1"]
[White "Pirverdiyev, Agil"]
[Black "Quesada Vera, Liordis"]
[Result "0-1"]
[WhiteElo "2406"]
[BlackElo "2386"]
[Annotator "NA"]
[PlyCount "59"]
[EventDate "2019.07.24"]
[EventType "tourn"]
[EventCountry "FRA"]
[SourceTitle "playchess.com"]
[Source "ChessBase"]
[SourceQuality "1"]
[TimeControl "5400+30"]

1. e4 {[%emt 0:00:00]} d6 {[%emt 0:00:07]} 2. d4 {[%emt 0:00:00]} Nf6 {[%emt 0:00:08]} 3. Nc3 {[%emt 0:00:15]} Nbd7 {[%emt 0:00:08]} 4. Nf3 {[%emt 0:00:17]} e5 {[%emt 0:00:14]} 5. Bc4 {[%emt 0:00:12]} Be7 {[%emt 0:02:31]} 6. O-O {[%emt 0:00:23]} O-O {[%emt 0:00:21]} 7. Re1 {[%emt 0:00:56]} c6 {[%emt 0:04:21]} 8. a4 {[%emt 0:01:03]} exd4 {[%emt 0:17:36] C41: Philidor Defence} (8... a5 9. h3 Nb6 10. Ba2 Nfd7 11. Be3 exd4 12. Bxd4 Nc5 13. Bxc5 dxc5 14. Qe2 Qd6 15. Rad1 Qg6 16. Ne5 Qg5 17. Nf3 Qg6 18. Ne5 Qg5 19. Nf3 Qg6 20. Ne5 Qg5 {½-½ (20) Fressinet,L (2650)-Ponomariov,R (2663) Germany 2019}) 9. Qxd4 {[%emt 0:14:01]} Ne5 {[%emt 0:10:57]} 10. Be2 {[%emt 0:13:21]} Nfg4 {[%emt 0:03:02]} 11. Nxe5 {[%emt 0:16:48]} dxe5 {[%emt 0:01:51]} 12. Qd1 $146 {[%emt 0:00:10]} ({Predecessor:} 12. Qxd8 Rxd8 13. Nd1 Nf6 14. f3 Be6 15. Ne3 Bc5 16. Kf1 {0-1 (55) Nomin Erdene,D (2303)-Kadric,D (2511) Novi Sad 2015}) 12... Qxd1 {[%emt 0:04:49]} 13. Nxd1 {[%emt 0:00:35]} Bc5 {[%emt 0:03:22]} 14. h3 {[%emt 0:01:37]} Nf6 {[%emt 0:00:22]} 15. Bc4 {[%emt 0:00:07]} Re8 {[%emt 0:01:50]} 16. Kf1 {[%emt 0:06:28]} Be6 {[%emt 0:04:46]} 17. Bxe6 {[%emt 0:00:35]} Rxe6 {[%emt 0:00:02]} 18. f3 {[%emt 0:00:15]} Rd8 {[%emt 0:09:05]} 19. Be3 {[%emt 0:00:38]} Nd7 {[%emt 0:02:10]} 20. a5 {[%emt 0:01:12]} Rd6 {[%emt 0:02:11]} 21. Ke2 {[%emt 0:04:48]} f6 {[%emt 0:04:53]} 22. c3 {[%emt 0:03:14]} Bxe3 {[%emt 0:03:03]} 23. Nxe3 {[%emt 0:00:08]} Nc5 {[%emt 0:00:17]} 24. Nc4 {[%emt 0:00:39]} R6d7 {[%emt 0:03:20]} 25. Red1 {[%emt 0:02:47]} Kf8 {[%emt 0:04:39]} 26. h4 {[%emt 0:02:33]} Ke7 {[%emt 0:01:23]} 27. g3 {[%emt 0:01:22]} Nb3 {[%emt 0:01:00]} 28. Rxd7+ $11 {[%emt 0:01:18]} Rxd7 {[%emt 0:00:03]} 29. Rd1 {[%emt 0:01:18]} Rxd1 {[%emt 0:01:33]} 30. Kxd1 0-1

[Event "5th EFE Metz Festival Amateur 2019"]
[Site "Metz"]
[Date "2019.07.25"]
[Round "3.3"]
[White "Le Goff, Ronan"]
[Black "Dutreuil, Raphael"]
[Result "1/2-1/2"]
[WhiteElo "2281"]
[BlackElo "2302"]
[Annotator "NA"]
[PlyCount "59"]
[EventDate "2019.07.24"]
[EventType "tourn"]
[EventCountry "FRA"]
[SourceTitle "playchess.com"]
[Source "ChessBase"]
[SourceQuality "1"]
[TimeControl "5400+30"]

1. d4 {[%emt 0:12:42]} Nf6 {[%emt 0:00:07]} 2. Nf3 {[%emt 0:00:07]} g6 {[%emt 0:01:17]} 3. g3 {[%emt 0:01:09]} Bg7 {[%emt 0:04:18]} 4. Bg2 {[%emt 0:00:37]} O-O {[%emt 0:00:33]} 5. O-O {[%emt 0:00:07]} c5 {[%emt 0:00:19]} 6. c3 {[%emt 0:00:27]} cxd4 {[%emt 0:00:48]} 7. cxd4 {[%emt 0:00:08]} d5 {[%emt 0:00:04]} 8. Nc3 {[%emt 0:00:15]} Nc6 {[%emt 0:00:05]} 9. Bf4 {[%emt 0:06:35]} Ne4 {[%emt 0:04:15]} 10. Rc1 {[%emt 0:02:40]} Be6 {[%emt 0:19:23]} 11. a3 {[%emt 0:12:48]} Rc8 12. Ne5 {[%emt 0:18:13]} Nxc3 {[%emt 0:13:00]} 13. Rxc3 {[%emt 0:08:20]} Nxe5 {[%emt 0:00:27]} 14. Rxc8 {[%emt 0:01:05]} Qxc8 {[%emt 0:00:06]} 15. Bxe5 {[%emt 0:00:26]} Bxe5 {[%emt 0:00:06]} 16. dxe5 {[%emt 0:00:09]} Qc4 {[%emt 0:00:12]} 17. Qd2 {[%emt 0:02:06]} Rc8 {[%emt 0:25:32]} 18. Rd1 {[%emt 0:06:24]} Kg7 {[%emt 0:00:21]} 19. h4 {[%emt 0:04:07]} Qc2 {[%emt 0:12:01]} 20. Bf3 {[%emt 0:02:57]} Qf5 {[%emt 0:06:16]} 21. Qd4 {[%emt 0:04:22]} Rc4 {[%emt 0:01:07]} 22. Qe3 {[%emt 0:03:17]} Qc2 {[%emt 0:04:53]} 23. Qd2 {[%emt 0:00:37]} b6 {[%emt 0:01:03]} 24. Qxc2 {[%emt 0:03:40]} Rxc2 {[%emt 0:00:04]} 25. Bxd5 {[%emt 0:00:18]} Bxd5 {[%emt 0:01:29]} 26. Rxd5 {[%emt 0:00:19]} Rxb2 {[%emt 0:01:46]} 27. Rd7 {[%emt 0:01:11]} Rxe2 {[%emt 0:00:46]} 28. Rxe7 {[%emt 0:00:06]} Kf8 {[%emt 0:01:09]} 29. Rxa7 {[%emt 0:00:08]} Rxe5 {[%emt 0:00:04]} 30. Rb7 {[%emt 0:00:53]} 1/2-1/2

[Event "5th EFE Metz Festival Amateur 2019"]
[Site "Metz"]
[Date "2019.07.25"]
[Round "3.4"]
[White "Huesmann, Thomas"]
[Black "Douriet Duany, Alexis"]
[Result "1-0"]
[WhiteElo "2143"]
[BlackElo "2247"]
[Annotator "NA"]
[PlyCount "146"]
[EventDate "2019.07.24"]
[EventType "tourn"]
[EventCountry "FRA"]
[SourceTitle "playchess.com"]
[Source "ChessBase"]
[SourceQuality "1"]
[TimeControl "5400+30"]

1. e4 {[%emt 0:00:00]} g6 {[%emt 0:00:00]} 2. d4 {[%emt 0:00:00]} Bg7 {[%emt 0:00:00]} 3. c4 {[%emt 0:00:00]} d6 {[%emt 0:00:00]} 4. Nc3 {[%emt 0:00:08]} Nf6 {[%emt 0:00:00]} 5. Be2 {[%emt 0:00:13]} O-O {[%emt 0:00:01]} 6. Nf3 {[%emt 0:00:09]} Bg4 {[%emt 0:00:07]} 7. O-O {[%emt 0:00:26]} Nfd7 {[%emt 0:00:07]} 8. Be3 {[%emt 0:04:10]} e5 {[%emt 0:00:05]} 9. dxe5 {[%emt 0:01:12]} dxe5 {[%emt 0:00:34]} 10. Bg5 {[%emt 0:04:57]} Qc8 {[%emt 0:02:25]} 11. Nd5 {[%emt 0:02:40]} Nc6 {[%emt 0:00:31]} 12. b4 {[%emt 0:02:45]} Bxf3 {[%emt 0:11:06]} 13. Bxf3 {[%emt 0:00:21]} Kh8 {[%emt 0:00:26]} 14. Ne7 {[%emt 0:05:20]} Nxe7 {[%emt 0:06:29]} 15. Bxe7 {[%emt 0:00:06]} Re8 {[%emt 0:00:04]} 16. Bg5 {[%emt 0:00:09]} Nf6 {[%emt 0:15:01]} 17. Qc2 {[%emt 0:08:06]} a5 {[%emt 0:01:29]} 18. a3 {[%emt 0:01:08]} Qe6 {[%emt 0:01:00]} 19. h3 {[%emt 0:01:39]} h5 {[%emt 0:02:30]} 20. c5 {[%emt 0:02:48]} Nh7 {[%emt 0:05:23]} 21. Be3 {[%emt 0:01:02]} Bf6 {[%emt 0:00:33]} 22. Be2 {[%emt 0:03:15]} Bg5 {[%emt 0:01:00]} 23. Bxg5 {[%emt 0:03:14]} Nxg5 {[%emt 0:00:42]} 24. bxa5 {[%emt 0:00:08]} Qc6 {[%emt 0:00:55]} 25. Rab1 {[%emt 0:07:39]} Re7 {[%emt 0:07:46]} 26. Rfe1 {[%emt 0:11:37]} Ne6 {[%emt 0:01:57]} 27. Bb5 {[%emt 0:02:35]} Qxc5 {[%emt 0:00:23]} 28. Qd2 {[%emt 0:07:28]} Kg7 {[%emt 0:08:38]} 29. Rec1 {[%emt 0:00:40]} Qd4 {[%emt 0:03:17]} 30. Qe1 {[%emt 0:02:08]} c6 {[%emt 0:00:39]} 31. Bf1 {[%emt 0:01:04]} Qa4 {[%emt 0:02:00]} 32. Qb4 {[%emt 0:02:37]} Qxb4 {[%emt 0:00:35]} 33. axb4 {[%emt 0:00:06]} Nd4 {[%emt 0:00:11]} 34. Bc4 {[%emt 0:01:31]} f5 {[%emt 0:00:54]} 35. exf5 {[%emt 0:00:48]} gxf5 {[%emt 0:00:11]} 36. Kf1 {[%emt 0:02:01]} Kf6 {[%emt 0:00:27]} 37. Rd1 {[%emt 0:00:46]} Rd7 {[%emt 0:01:02]} 38. Be2 {[%emt 0:01:27]} h4 {[%emt 0:00:21]} 39. Bc4 {[%emt 0:01:20]} c5 {[%emt 0:11:10]} 40. bxc5 {[%emt 0:00:39]} Rxa5 {[%emt 0:00:02]} 41. Rb6+ {[%emt 0:00:18]} Kg5 {[%emt 0:00:29]} 42. c6 {[%emt 0:04:40]} bxc6 {[%emt 0:02:06]} 43. Rxc6 {[%emt 0:00:06]} Nxc6 {[%emt 0:02:57]} 44. Rxd7 {[%emt 0:00:08]} Ra1+ {[%emt 0:00:04]} 45. Ke2 {[%emt 0:00:12]} Nd4+ {[%emt 0:00:53]} 46. Kd2 {[%emt 0:00:18]} Rb1 {[%emt 0:00:59]} 47. Kc3 {[%emt 0:04:01]} Rc1+ {[%emt 0:00:55]} 48. Kb4 {[%emt 0:00:42]} Rc2 {[%emt 0:01:43]} 49. f3 {[%emt 0:01:36]} Kf4 {[%emt 0:00:08]} 50. Rg7 {[%emt 0:00:29]} Ke3 {[%emt 0:01:27]} 51. Bd5 {[%emt 0:00:31]} Ne2 {[%emt 0:02:40]} 52. Rh7 {[%emt 0:02:26]} Nf4 {[%emt 0:00:26]} 53. Bb3 {[%emt 0:00:15]} Rxg2 {[%emt 0:00:32]} 54. Rxh4 {[%emt 0:00:07]} Rg3 {[%emt 0:02:38]} 55. Rh7 {[%emt 0:00:21]} Rxh3 {[%emt 0:00:06]} 56. Rf7 {[%emt 0:01:38]} Rxf3 {[%emt 0:00:31]} 57. Kc5 {[%emt 0:00:58]} e4 {[%emt 0:00:31]} 58. Kd6 {[%emt 0:00:47]} Nd3 {[%emt 0:00:48]} 59. Bd5 {[%emt 0:01:10]} Rf2 {[%emt 0:02:13]} 60. Re7 {[%emt 0:02:04]} Rd2 {[%emt 0:00:35]} 61. Bb7 {[%emt 0:00:49]} Nf4+ {[%emt 0:01:12]} 62. Kc5 {[%emt 0:00:22]} Rc2+ {[%emt 0:00:44]} 63. Kd6 {[%emt 0:00:14]} Rd2+ {[%emt 0:00:28]} 64. Kc5 {[%emt 0:00:07]} Ng2 {[%emt 0:00:43]} 65. Re5 {[%emt 0:00:55]} Kf4 {[%emt 0:00:29]} 66. Re8 {[%emt 0:00:12]} e3 {[%emt 0:00:47]} 67. Kc4 {[%emt 0:00:41]} Nh4 {[%emt 0:01:20]} 68. Kc3 {[%emt 0:00:19]} Rd7 {[%emt 0:00:34]} 69. Ba6 {[%emt 0:00:33]} Nf3 {[%emt 0:00:27]} 70. Rh8 {[%emt 0:01:37]} Kg3 {[%emt 0:01:05]} 71. Rg8+ {[%emt 0:00:18]} Kf2 {[%emt 0:00:21]} 72. Rf8 {[%emt 0:00:08]} Rd5 {[%emt 0:00:45]} 73. Kc4 {[%emt 0:02:38]} Ra5 {[%emt 0:00:43]} 1-0

[Event "5th EFE Metz Festival Amateur 2019"]
[Site "Metz"]
[Date "2019.07.25"]
[Round "3.5"]
[White "Ortega, Francois"]
[Black "Briet, Antoine"]
[Result "*"]
[WhiteElo "2215"]
[BlackElo "2219"]
[Annotator "NA"]
[PlyCount "24"]
[EventDate "2019.07.24"]
[EventType "tourn"]
[EventCountry "FRA"]
[SourceTitle "playchess.com"]
[Source "ChessBase"]
[SourceQuality "1"]
[TimeControl "5400+30"]

1. e4 {[%emt 0:00:00]} c5 {[%emt 0:00:00]} 2. Nf3 {[%emt 0:00:00]} e6 {[%emt 0:00:00]} 3. g3 {[%emt 0:01:04]} d5 {[%emt 0:00:00]} 4. exd5 {[%emt 0:00:15]} exd5 {[%emt 0:00:00]} 5. Bg2 {[%emt 0:00:21]} Nf6 {[%emt 0:00:07]} 6. O-O {[%emt 0:00:09]} Nc6 {[%emt 0:00:14]} 7. d4 {[%emt 0:00:39]} Bg4 {[%emt 0:01:45]} 8. Be3 {[%emt 0:06:11]} cxd4 {[%emt 0:03:07]} 9. Bxd4 {[%emt 0:00:22]} Be7 {[%emt 0:02:37]} 10. h3 {[%emt 0:00:52]} Bf5 {[%emt 0:00:44]} 11. Nbd2 {[%emt 0:03:29]} h6 {[%emt 0:01:38]} 12. c3 {[%emt 0:02:16]} Qd7 {[%emt 0:04:04]} *

[Event "5th EFE Metz Festival Amateur 2019"]
[Site "Metz"]
[Date "2019.07.26"]
[Round "7.1"]
[White "Philippe, Guillaume"]
[Black "Kurayan, Ruslan"]
[Result "1/2-1/2"]
[WhiteElo "2344"]
[BlackElo "2376"]
[Annotator "TA"]
[PlyCount "75"]
[EventDate "2019.07.24"]
[EventType "tourn"]
[EventCountry "FRA"]
[SourceTitle "playchess.com"]
[Source "ChessBase"]
[SourceQuality "1"]

{[%evp 12,75,0,-8,0,0,0,0,0,-7,-8,-14,-11,-14,8,7,8,0,11,0,32,21,41,22,50,36,53,13,16,14,19,15,41,43,39,-18,0,-30,0,0,0,-31,0,-91,-99,-116,-117,-113,-108,-95,-85,-107,-105,-111,-111,-148,-133,-129,-64,-97,-35,-25,-26,-85,-95,-113]} 1. Nf3 Nf6 2. e3 g6 3. b4 Bg7 4. Bb2 O-O 5. c4 d6 6. Be2 e5 7. d3 e4 {A15: English Opening: 1...Nf6} 8. dxe4 Nxe4 9. Bxg7 Kxg7 {The position is equal.} 10. Qd4+ Qf6 11. Qxf6+ Nxf6 12. Nc3 Be6 $146 ({Predecessor:} 12... a5 13. b5 b6 14. Nd4 Bb7 15. f3 Nbd7 16. e4 Nc5 17. Kf2 Rae8 18. Rhe1 Nfd7 19. Rad1 Ne6 20. Bf1 {½-½ (20) Yermolinsky,A (2546)-Mikhalevski,V (2548) Los Angeles 2003}) 13. O-O Nc6 14. a3 a6 15. Rfd1 Rad8 16. Rac1 Ne5 17. Nd2 Bg4 18. f3 Be6 19. h3 a5 20. f4 Nc6 $1 21. b5 Ne7 22. Bf3 b6 23. Nde4 (23. Nd5 $14 Bxd5 24. cxd5) 23... Nd7 24. Ne2 Bf5 25. Nf2 Nc5 26. Nd4 f6 27. Bc6 (27. g4 $11 Bd7 28. Nd3) 27... Nxc6 $17 28. Nxc6 Rde8 29. Re1 Be4 30. Nd4 h5 31. Rcd1 Re7 32. Nxe4 Rxe4 33. g4 hxg4 34. hxg4 Rfe8 (34... Rh8 $17 35. Kg2 Kf7) 35. Kf2 $15 {[#]} Ne6 (35... g5 $1 $17 36. Nf5+ Kg8 37. fxg5 fxg5) 36. Nxe6+ R8xe6 37. Rd4 {[#]} (37. Rc1 $1 $11 {keeps the balance.}) 37... g5 $1 $17 {And now ...Rxd4 would win.} 38. fxg5 {Accuracy: White = 44%, Black = 39%.} 1/2-1/2

[Event "5th EFE Metz Festival Amateur 2019"]
[Site "Metz"]
[Date "2019.07.26"]
[Round "7.2"]
[White "Micottis, Dorian"]
[Black "Maurizzi, Marc Andria"]
[Result "1/2-1/2"]
[WhiteElo "2226"]
[BlackElo "2412"]
[Annotator "TA"]
[PlyCount "72"]
[EventDate "2019.07.24"]
[EventType "tourn"]
[EventCountry "FRA"]
[SourceTitle "playchess.com"]
[Source "ChessBase"]
[SourceQuality "1"]

{[%evp 18,72,13,32,31,40,43,46,33,35,29,30,35,18,39,12,31,0,8,-34,-34,-50,0,-27,0,-35,-36,-43,-33,-49,-31,-78,-80,-91,-108,-72,0,0,-4,-8,-4,-7,0,0,0,-4,-3,-81,0,0,0,0,0,0,0,0,0]} 1. e4 c5 2. Nf3 e6 3. d3 Nc6 4. g3 d6 5. Bg2 g6 6. O-O Bg7 7. c3 Nge7 8. Re1 O-O 9. d4 cxd4 10. cxd4 d5 {A04: Unusual lines after 1 Nf3 and King's Indian Attack} 11. e5 Nf5 (11... b6 12. Nc3 Ba6 13. Bf4 h6 14. h4 Nf5 15. Qa4 Bb7 16. Rac1 a6 17. Qd1 b5 18. Qd2 {1-0 (30) Saric,I (2678)-Sprenger,J (2510) Bol 2015}) 12. Nc3 f6 {White is slightly better.} 13. g4 Nfe7 14. exf6 Rxf6 15. Bg5 Rf7 16. Qd2 Qf8 $146 ({Predecessor:} 16... Rxf3 17. Bxf3 Nxd4 18. Bg2 {1-0 (34) Greger,R (2308)-Pedersen,M (2176) Denmark 2013}) 17. Qe3 h6 $36 {[%mdl 2048] Black has good play.} 18. Bxe7 (18. Bh4 {looks sharper.} g5 19. Bg3 Ng6 20. Ne2 Qe7 21. Rac1) 18... Qxe7 19. Ne2 Qf6 20. Rac1 Bd7 21. h3 Raf8 22. Rf1 Re7 23. Rcd1 Kh8 24. g5 hxg5 25. Qxg5 Qxg5 26. Nxg5 e5 (26... Nb4 $17 27. Nc3 Rf4) 27. dxe5 $1 $11 Rxe5 {[#] aiming for ...Bc8.} 28. Rxd5 Rxd5 29. Bxd5 Rf5 30. Nf7+ Kh7 31. Bb3 Nd4 32. Ng3 (32. Nxd4 $11 {keeps the balance.} Bxd4 33. Rd1 Bxf2+ 34. Kh2) 32... Nf3+ (32... Ra5 $17 33. Ne4 Nxb3 34. axb3 Bc6) 33. Kg2 {The position is equal.} Nh4+ 34. Kg1 Nf3+ 35. Kg2 Nh4+ 36. Kg1 Nf3+ {Accuracy: White = 31%, Black = 52%.} 1/2-1/2

[Event "5th EFE Metz Festival Amateur 2019"]
[Site "Metz"]
[Date "2019.07.26"]
[Round "7.3"]
[White "Vedder, Richard"]
[Black "Delorme, Alban"]
[Result "1-0"]
[WhiteElo "2286"]
[BlackElo "2327"]
[Annotator "TA"]
[PlyCount "39"]
[EventDate "2019.07.24"]
[EventType "tourn"]
[EventCountry "FRA"]
[SourceTitle "playchess.com"]
[Source "ChessBase"]
[SourceQuality "1"]

{[%evp 12,39,21,25,36,33,36,34,25,18,45,20,68,37,273,270,575,520,566,571,558,571,560,563,555,544,537,531,1671,970]} 1. d4 d5 2. c4 e6 3. Nc3 Be7 4. cxd5 exd5 5. Bf4 Nf6 6. e3 O-O 7. Bd3 b6 {D35: Queen's Gambit Declined: Exchange Variation} (7... c5 8. dxc5 Bxc5 9. Nge2 Nc6 10. O-O d4 11. exd4 Nxd4 12. Be5 Nc6 13. Bxf6 Qxf6 {½-½ (13) Kuzubov,Y (2647)-Berkes,F (2678) Valjevo 2018}) 8. Rc1 c5 9. Nf3 Bb7 {White is slightly better.} 10. Ne5 Ne4 $146 ({Predecessor:} 10... Nbd7 11. Qf3 a6 12. O-O b5 13. Nxd7 Qxd7 14. dxc5 d4 15. Ne4 dxe3 16. Bxe3 Ng4 {½-½ (43) Munkhgal,G (2395)-Mindlin,A (2409) Budapest 2015}) 11. dxc5 Nxc3 12. bxc3 bxc5 $2 (12... Bxc5 $14 13. Qg4 (13. Qh5 g6 $11) 13... Qe7) 13. Rb1 $18 ({Inferior is} 13. Qh5 g6 $11) 13... Qc8 $2 (13... Ba6 14. Rxb8 {[%mdl 64] Remove Defender} Qxb8) 14. Qh5 {[%csl Gd3][%cal Rh5h7] White is clearly winning.} f5 {[#]} 15. Rxb7 $1 {[%mdl 576] Deflection} Qxb7 16. Bxf5 Rxf5 17. Qxf5 {White wants to mate with Qf7+.} Bf6 18. Qe6+ Kf8 19. O-O Na6 20. Nd7+ 1-0

[Event "5th EFE Metz Festival Amateur 2019"]
[Site "Metz"]
[Date "2019.07.26"]
[Round "7.4"]
[White "Mouhamad, Joachin"]
[Black "Ravi, Teja S."]
[Result "0-1"]
[WhiteElo "2302"]
[BlackElo "2410"]
[Annotator "TA"]
[PlyCount "96"]
[EventDate "2019.07.24"]
[EventType "tourn"]
[EventCountry "FRA"]
[SourceTitle "playchess.com"]
[Source "ChessBase"]
[SourceQuality "1"]

{[%evp 14,96,26,38,30,12,39,33,35,35,31,30,35,35,47,8,22,0,39,0,18,9,50,51,195,35,10,16,24,9,29,0,0,-45,-29,-27,-22,-44,0,0,0,0,0,0,0,0,0,8,0,-6,-6,-17,-3,-21,-12,-17,-18,-38,-8,-3,-2,-49,-43,-132,-127,-134,0,0,0,0,0,-53,-8,-42,-35,-75,-71,-62,-47,-118,-49,-828,-758,-1695,-1604]} 1. e4 c6 2. d4 d5 3. Nc3 dxe4 4. Nxe4 Nf6 5. Nxf6+ exf6 6. c3 Bd6 7. Bd3 O-O 8. Qc2 Re8+ {B15: Caro-Kann: 3 Nc3: 3...g6 and 3...dxe4 4 Nxe4 Nf6 5 Nxf6+ exf6} 9. Ne2 (9. Be3 h6 10. Ne2 Na6 11. O-O Nc7 12. c4 Bg4 13. h3 Bxe2 14. Bxe2 Ne6 15. Rad1 Qc7 16. Bg4 Rad8 17. Rfe1 Bf4 18. Bxf4 Nxf4 19. Rxe8+ Rxe8 {½-½ (58) Svidler,P (2756)-Carlsen,M (2839) Porto Carras 2018}) 9... h5 10. O-O h4 {White is slightly better.} 11. h3 Nd7 12. Bd2 Nf8 13. Rae1 Bd7 {[#]} 14. Qc1 $146 ({Predecessor:} 14. Kh1 Qc7 15. c4 Rad8 16. c5 {½-½ (32) Christiansen,J (2525)-Dragnev,V (2508) Batumi 2018}) 14... Ng6 15. Qc2 Nf8 16. Qc1 Ng6 17. Nf4 Ne7 18. Qd1 g6 (18... Bxf4 $14 19. Bxf4 g6) 19. Bc4 $2 (19. Nh5 $1 $18) 19... b5 $14 20. Bb3 Bf5 21. Qf3 {And now Nxg6! would win.} Qd7 $1 22. Qd1 Kg7 23. Bc2 Bc7 24. Bxf5 Nxf5 25. Qg4 {next Nh5+ is good for White.} Kh7 (25... Bxf4 $5 26. Bxf4 Re6 $11) 26. Nd3 Rxe1 27. Rxe1 Re8 28. Rxe8 Qxe8 29. Nc5 Kg7 30. Qe4 Qc8 31. Nd3 $132 {[%mdl 2048] White has counterplay} Bd6 32. Bf4 Be7 33. a3 Qd7 34. Kf1 a5 35. Bd2 c5 36. dxc5 Bxc5 37. Nxc5 Qxd2 38. Nd3 (38. Qb1 $15) 38... Qd1+ $1 $17 39. Ne1 {[#]} Qc1 (39... Qa1 $1 $17 {[%cal Ra1b2]} 40. Qc2 Nd6) 40. Qc2 $1 $11 {[%cal Rc2c1]} Qf4 {White must now prevent ...Ne3+.} 41. Nf3 a4 42. b3 ({Better is} 42. Qd2 $11 Qe4 43. Kg1) 42... Nd6 (42... axb3 {keeps more tension.} 43. Qxb3 Nd6 44. Qd1 Nc4 45. Qa1 Nb6) 43. bxa4 bxa4 44. Nd4 Ne4 45. Kg1 Nc5 46. Nf3 {[#]} (46. Qd1 $15) 46... Qc4 (46... Nb3 $1 $17) 47. Nd2 $2 {[%mdl 8192]} (47. Nd4 $15) 47... Qe2 $19 48. f3 {[#]} Nb3 $1 {[%mdl 512] Accuracy: White = 24%, Black = 59%.} 0-1

[Event "5th EFE Metz Festival Amateur 2019"]
[Site "Metz"]
[Date "2019.07.26"]
[Round "7.5"]
[White "Harutyunyan, Ruben"]
[Black "Villegas, Pierre"]
[Result "1-0"]
[WhiteElo "2326"]
[BlackElo "2349"]
[Annotator "TA"]
[PlyCount "61"]
[EventDate "2019.07.24"]
[EventType "tourn"]
[EventCountry "FRA"]
[SourceTitle "playchess.com"]
[Source "ChessBase"]
[SourceQuality "1"]

{[%evp 20,61,-8,-10,0,-4,0,0,-18,-6,-22,-79,14,-7,0,-20,0,4,20,25,29,40,55,52,58,59,53,53,50,50,57,45,61,62,40,52,85,91,117,115,121,106,108,106]} 1. Nf3 d5 2. g3 Nf6 3. Bg2 e6 4. O-O c5 5. d3 Nc6 6. Nbd2 g6 7. e4 Bg7 8. Re1 O-O 9. c3 a5 10. e5 Nd7 11. d4 cxd4 {A08: King's Indian Attack} 12. cxd4 f6 {[%cal Rf6e5]} 13. exf6 Qxf6 {The position is equal.} 14. Qe2 $1 a4 ({Of course not} 14... Nxd4 $6 15. Nxd4 Qxd4 16. Qxe6+ Kh8 17. Nf3 $16) (14... Re8 15. b3 Nxd4 16. Nxd4 Qxd4 17. Rb1 Qc5 18. Nf3 e5 19. Be3 {0-1 (33) Giri,A (2752)-Svidler,P (2753) Flor & Fjaere 2014}) 15. Nf1 {[#]} (15. a3 $11 {remains equal.}) 15... Nb6 ({Reject} 15... Nxd4 $6 16. Nxd4 Qxd4 17. Qxe6+ Kh8 18. Be3 $14) (15... Qxf3 $1 $17 {[%mdl 512]} 16. Qxf3 (16. Bxf3 Nxd4 {[%mdl 64] Double Attack} 17. Qd1 Nxf3+ 18. Kg2 Nxe1+ 19. Qxe1 Nc5 $17) 16... Rxf3 17. Bxf3 Nxd4) 16. Be3 Nc4 17. Rad1 {[#]} Nxe3 $146 ({Predecessor:} 17... Bd7 18. Bf4 Ra6 19. b3 axb3 20. axb3 {½-½ (53) Chernobay,A (2498)-Demidov,M (2503) Moscow 2013}) 18. Nxe3 Bd7 19. Rd2 Rfc8 20. Ng4 $36 {[%mdl 2048] White fights for an advantage.} Qf8 21. Nge5 Nxe5 22. Nxe5 Bxe5 23. Qxe5 Ra6 24. h4 Qf5 25. Qe3 Rac6 26. Kh2 Rc2 27. Ree2 {Black must now prevent g4!} Rxd2 28. Qxd2 {White is better.} b5 29. Bh3 Qf6 30. Re5 b4 31. Kg1 {Accuracy: White = 74%, Black = 25%.} 1-0